| 000 | 01314nam a2200205 a 4500 | ||
|---|---|---|---|
| 005 | 20140310183359.0 | ||
| 008 | 121115s19uu xx 00 eng d | ||
| 020 | _a9780240814179 | ||
| 050 |
_aTR 310 _b.B44 2011 |
||
| 100 | _aBeene, Carrie | ||
| 245 |
_aReal retouching : _ba professional step-by-step guide / _cCarrie Beene. |
||
| 260 |
_aBurlington, MA : _bFocal Press, _c2011. |
||
| 300 |
_a198 p. : _bill. col. ; _c24 cm. |
||
| 500 | _aIncludes index and 1 CD | ||
| 520 | _aFrom the perfect glossy pages of a magazine to the larger-than-life images floating on a billboard in the sky, image retouching has become a key component of today's digital photography world. So popular, in fact, that the sheer act of retouching has become its own verb as we often ask ourselves, "I wonder if this image was Photoshopped?" Sometimes controversial but widely accepted, and even expected, excellent retouching skills are crucial to finding success in the field of digital imaging. As you work through the clear step-by-step instructions in the book using the images provided on the bonus CD, you'll learn how to do real retouching jobs from start to finish, including each and every technical step along the way. | ||
| 521 | _aMA | ||
| 650 |
_aPhotography _xRetouching |
||
| 942 |
_cBK _2lcc _kFOR |
||
| 999 |
_c22299 _d22299 |
||